Optimizar la organización municipal : técnicas y experiencias para mejorar la eficiencia de los servicios locales / [traducción: Jordi Palou] técnicas y experiencias para mejorar la eficiencia de los servicios locales / [traducción:
Descripción Física:
87 p. : quadres ; 30 cm
Colección:
Documents Pi i Sunyer ; 7
Otros Autores:
Palou, Jordi, tr
MARC
| LEADER | 00000nam a2200000Ia 4500 | ||
|---|---|---|---|
| 001 | 18528 | ||
| 008 | 160829s1998 xx 000 0 cat d | ||
| 080 | |a M-5-339 | ||
| 245 | |a Optimizar la organización municipal : |b técnicas y experiencias para mejorar la eficiencia de los servicios locales / [traducción: |b Jordi Palou] | ||
| 260 | |a Barcelona : |b Fundació Carles Pi i Sunyer d'Estudis Autonòmics i Locals, |c 1998 | ||
| 300 | |a 87 p. : |b quadres ; |c 30 cm | ||
| 490 | |a Documents Pi i Sunyer ; 7 | ||
| 590 | |a Títol original: Rightsizing for local govemments | ||
| 650 | 0 | |a Serveis municipals |9 42282 | |
| 650 | 0 | |a Municipis |x Govern i administració |9 22275 | |
| 700 | |a Palou, Jordi, tr. |9 42283 | ||
| 710 | 1 | |a Fundació Carles Pi i Sunyer d'Estudis Autonòmics i Locals |9 52753 | |
| 901 | |a Arxiu | ||
| 942 | |n 1 | ||
| 952 | |0 0 |1 0 |4 0 |6 M5339 |7 1 |9 50742 |a Arxiu |b Arxiu |d 2016-12-01 |l 0 |o M-5-339 |p 18528 |r 2016-12-01 00:00:00 |w 2016-12-01 |y ARXIU | ||
| 999 | |c 54584 |d 54584 | ||